000
00319nam a22001337a 4500
008
171031b xxu||||| |||| 00| 0 eng d
020
_a
9780132278201
041
_a
eng
080
_2
7 ED
_a
33
100
_a
59
101
_a
BUS
245
_a
ESSENTIALS BUSIINESS INFORMATION SYSTEMS
_c
LAUDON.K.C
942
_2
udc
_c
BK
999
_c
36909
_d
36909